| 000 | 00565nam a2200121Ia 4500 | ||
|---|---|---|---|
| 008 | 171212s9999 xx 000 0 und d | ||
| 020 | _a9780731538171 | ||
| 245 |
_ceditor Chen, Chunlai;Duncan, Ron _aAgriculture and Food Security in China _bWhat Effect WTO Accession and Regional Trade Arrangements? |
||
| 260 |
_bANU E Press _c2008 |
||
| 650 | _aBusiness | ||
| 650 | _aWorld Trade Organization; Food supply -- China; Agriculture and state -- China; International trade -- China; Foreign trade regulation -- China | ||
| 856 | _uwww.jstor.org/stable/10.2307/j.ctt24hd73 | ||
| 999 |
_c350983 _d350983 |
||